|
|
|
|
| LEADER |
00000nam a2200000 a 4500 |
| 001 |
vtls001475709 |
| 003 |
SK-MaSNL |
| 005 |
20260302021603.0 |
| 008 |
240318s2003 xr 0 cze |
| 020 |
|
|
|a 8072860518
|
| 035 |
|
|
|a SNK000431010
|
| 040 |
|
|
|a SNK
|b slo
|c SNK
|e AACR2
|
| 043 |
|
|
|a e-ur---
|
| 044 |
|
|
|a CZ
|
| 072 |
|
7 |
|a 323
|x Vnútropolitický vývoj, politický život
|2 konspekt
|
| 080 |
|
|
|a 328/329
|2 1981
|
| 080 |
|
|
|a (47+57)
|2 1981
|
| 080 |
|
|
|a 323.282
|2 1981
|
| 080 |
|
|
|a 141.82
|2 1981
|
| 080 |
|
|
|a (066)
|2 1981
|
| 100 |
1 |
|
|a Litera, Bohuslav,
|d 1950-
|4 aut
|9 208080
|
| 245 |
1 |
0 |
|a Formování stalinského mocenského systému
|b k problému tzv. sebedestrukce bolševiků 1928-1939
|c Bohuslav Litera a kol.
|
| 250 |
|
|
|a 1. vyd.
|
| 260 |
|
|
|a Praha
|b Historický ústav AV ČR
|c 2003
|
| 300 |
|
|
|a 342 s.
|c 23 cm
|
| 650 |
0 |
7 |
|a štátny teror
|z Sovietsky zväz
|y r. 1928-1939
|2 SNK
|9 666017
|
| 650 |
0 |
7 |
|a stalinizmus
|2 SNK
|9 67426
|
| 651 |
|
7 |
|a Sovietsky zväz
|2 SNK
|9 22126
|
| 655 |
|
7 |
|a zbierky
|2 SNK
|9 70533
|
| 655 |
|
7 |
|a zborníky
|2 SNK
|9 70165
|
| 919 |
|
|
|a 80-7286-051-8
|
| 999 |
|
|
|c 1029513
|d 1031443
|
| 952 |
|
|
|t P60, <04>, [BOOK], {604}
|a SNK
|b SNK
|y VYP
|7 0
|p 17A0441088
|o snkIC 131615
|i snkV 1277/2004
|g 8.80
|0 0
|1 0
|4 0
|d 2004-05-28
|l 0
|r 2005-01-02 00:00:00
|w 2026-02-24
|